|
|
|
|
| LEADER |
01482nmm a2200385 a 4500 |
| 001 |
000930145 |
| 003 |
CZ BrMZK |
| 005 |
20090330082110.0 |
| 008 |
090213s2008 xr e d |||||||cze d |
| 020 |
|
|
|a 978-80-244-2164-3
|q (CDR)
|
| 040 |
|
|
|a BOA001
|b cze
|
| 072 |
|
7 |
|a 373.2/.3
|x Předškolní a primární výchova a vzdělávání
|2 Konspekt
|9 22
|
| 072 |
|
7 |
|a 37.016
|x Učební osnovy. Vyučovací předměty. Učebnice
|2 Konspekt
|9 22
|
| 080 |
|
|
|a 373.3.011.3-052
|2 MRF
|
| 080 |
|
|
|a 373.3.011.3-052-056.45
|2 MRF
|
| 080 |
|
|
|a 373.3.011.3-052-056.49
|2 MRF
|
| 080 |
|
|
|a 373.3
|2 MRF
|
| 080 |
|
|
|a (07)
|2 MRF
|
| 080 |
|
|
|a (0.034.44)
|2 MRF
|
| 100 |
1 |
|
|a Podlahová, Libuše,
|d 1943-
|7 ola2002142310
|4 aut
|
| 245 |
0 |
0 |
|a Žák sekundární školy 1
|h [elektronický zdroj] /
|c Libuče Podlahová a kol.
|
| 256 |
|
|
|a Data (1,16 MB)
|
| 260 |
|
|
|a Olomouc :
|b Univerzita Palackého,
|c 2008
|
| 300 |
|
|
|a 1 CD-ROM ;
|c 12 cm
|
| 500 |
|
|
|a Texty k distančnímu vzdělávání v rámci kombinovaného studia
|
| 650 |
0 |
7 |
|a žáci
|7 ph128055
|2 czenas
|
| 650 |
0 |
7 |
|a talentovaní žáci
|7 ph116395
|2 czenas
|
| 650 |
0 |
7 |
|a problémoví žáci
|7 ph274386
|2 czenas
|
| 650 |
0 |
7 |
|a základní školy
|7 ph116795
|2 czenas
|
| 655 |
|
7 |
|a učební texty
|7 fd133599
|2 czenas
|
| 655 |
|
7 |
|a CD-ROM
|7 fd133955
|2 czenas
|
| 910 |
2 |
|
|a BOA001
|b CDR-1220.016
|
| 990 |
|
|
|a CF
|
| 991 |
|
|
|b 200903
|
| 996 |
3 |
|
|b 2610370319
|c CDR-1220.016
|l Stud. periodik/2.patro
|r Sklad / do 1 hodiny
|n 0
|p p.v.
|w 000930145
|u 000010
|a 1
|e BOA001
|j MZK50
|s N
|